000 00733nam a2200169 a 4500
008 060605s2005 ||||||||||||||||| || u
050 _aIBRD(08)
100 _aPorto, Guido G
245 1 0 _aEstimating household responses to trade reforms: net consumers and net proucers in rural Mexico
260 _aWasington, D. C.
_bWorld Bank
_c2005
300 _a40p.: ill.
350 _a0.00
490 _aWorld Bank policy research working papers
650 _aHOUSEHOLD RESPONSES--RESEARCH--METHODOLOGY
650 _aTRADE REFORMS--HOUSEHOLD BEHAVIOR--RESEARCH
995 _D0.00
_FCBU-MAIN LIBRARY (Kitwe)
_H1
_I0.00
_M1
_UAVAILABLE
_WJun 5, 2006
_ZInternational Publications
999 _c42494
_d42494